000 00556nam a2200181Ia 4500
008 090122s9999 xx 000 0 und d
082 _b11715
100 _aकदम
_bबाबा
245 _aइस्टेट मॅनेजर
260 _bशशिदीप
_c1989
300 _a392
501 _aभारत बुक सर्व्हिस / बि.नं.333-34-35
600 _aकदम
630 _aइस्टेट मॅनेजर
700 _aकदम
730 _aइस्टेट मॅनेजर
942 _cBOOK
999 _c35792
_d35792